| 000 | 00460nam a2200157Ia 4500 | ||
|---|---|---|---|
| 008 | 160316s1996 xxu||||| |||| 00| 0 eng d | ||
| 082 |
_a341.762000 _bLIP-2 |
||
| 100 | _aLipschutz Ronnie D | ||
| 245 | _aGlobal civil society and global environmental governance : The politics of nature from place to planet | ||
| 250 | _a | ||
| 260 |
_aNew York _bState University of New York Press _c1996 |
||
| 300 |
_a365p _b _c |
||
| 365 | _b | ||
| 650 | _a | ||
| 700 |
_a _a |
||
| 999 |
_c18265 _d18265 |
||